Human resource analytics: Strategic decision making (Record no. 396941)

MARC details
000 -LEADER
fixed length control field 00524 a2200193 4500
005 - DATE & TIME
control field 20260407100414.0
008 - FIXED-LENGTH DATA ELEMENTS--GENERAL INFORMATION
fixed length control field 260407b |||||||| |||| 00| 0 eng d
020 ## - ISBN
International Standard Book Number 9789390168408
Price Rs. 690.00
040 ## - CATALOGING SOURCE
Original cataloging agency VIVEKANANDA LIBRARY
082 ## - DDC NUMBER
Classification number 658.3125
Book Number U6H
100 ## - MAIN ENTRY--PERSONAL NAME
Personal name Uppal, Nishant
245 ## - TITLE STATEMENT
Title Human resource analytics: Strategic decision making
260 ## - PUBLICATION, DISTRIBUTION, ETC. (IMPRINT)
Name of publisher, distributor, etc Pearson India
Place of publication, distribution, etc Noida
Date of publication, distribution, etc 2024
300 ## - PHYSICAL DESCRIPTION
Pages xv, 348
650 ## - Subject
Subject Management
650 ## - Subject
Subject Human Resource Management
650 ## - Subject
Subject Personnel Management
942 ## - ADDED ENTRY ELEMENTS (KOHA)
Koha item type Books
Holdings
Withdrawn status Lost status Source of classification or shelving scheme Damaged status Not for loan Location (home branch) Sublocation or collection (holding branch) Shelving location Date acquired Koha issues (times borrowed) Koha full call number Accession No. Koha date last seen Koha item type
    Dewey Decimal Classification     VIVEKANANDA LIBRARY VIVEKANANDA LIBRARY IMSAR Library 30/03/2026   658.3125 U6H 421076 30/03/2026 Books
    Dewey Decimal Classification     VIVEKANANDA LIBRARY VIVEKANANDA LIBRARY IMSAR Library 30/03/2026   658.3125 U6H 421074 30/03/2026 Books
    Dewey Decimal Classification     VIVEKANANDA LIBRARY VIVEKANANDA LIBRARY IMSAR Library 30/03/2026   658.3125 U6H 421075 30/03/2026 Books
    Dewey Decimal Classification     VIVEKANANDA LIBRARY VIVEKANANDA LIBRARY IMSAR Library 30/03/2026   658.3125 U6H 421077 30/03/2026 Books
    Dewey Decimal Classification     VIVEKANANDA LIBRARY VIVEKANANDA LIBRARY IMSAR Library 30/03/2026   658.3125 U6H 421073 30/03/2026 Books
© Designed and Maintained by Vivekananda Library, MDU Rohtak